| 000 | 00554nam a2200205 4500 | ||
|---|---|---|---|
| 003 | OSt | ||
| 005 | 20240621083831.0 | ||
| 006 | a | ||
| 008 | 240621b |||||||| |||| 00| 0 eng d | ||
| 020 | _a9713005872 | ||
| 040 |
_aDWCL-Main lib. _cOC |
||
| 082 | _aFil. 512 F315m 1991 | ||
| 100 | _aFeliciano , Florentino T. | ||
| 245 | _aModern college algebra / | ||
| 260 |
_aManila: _bMerriam & Webster, Inc., _cc1991. |
||
| 300 |
_ax, _b356 p. : ill. ; _c22 cm. |
||
| 504 | _aIncludes index. | ||
| 650 | _a1. Algebra. | ||
| 942 |
_2ddc _n0 _cBK - FIL _kFil. |
||
| 999 |
_c1106 _d1106 |
||